| 000 | 00660nam a2200157 a 4500 | ||
|---|---|---|---|
| 008 | 120416s1963 ||||||||||||||||| || u | ||
| 050 | _aQL 957 Moo | ||
| 100 | _aMoog, Florence | ||
| 245 | 1 | 0 | _aAnimal growth and development |
| 260 |
_aBoston _bD. C. Heath _c1963 |
||
| 350 | _a0.00 | ||
| 650 | _aANIMALS | ||
| 650 | _aANIMAL GROWTH AND DEVELOPMENT | ||
| 995 |
_aBINDERY (DAMAGED) _D0.00 _e716501 _FCBU-MAIN LIBRARY (Kitwe) _H2 _I2.25 _jQL 957 Moo _UDAMAGED _y015081 _ZMain Library Open Access Collection |
||
| 995 |
_aBINDERY (DAMAGED) _D0.00 _e716502 _FCBU-MAIN LIBRARY (Kitwe) _H1 _I2.25 _jQL 957 Moo _M1 _UDAMAGED _WMar 21, 2007 _y015082 _ZMain Library Open Access Collection |
||
| 999 |
_c84235 _d84235 |
||